Fundamentals of corporate finance / (رقم التسجيلة. 31938)

تفاصيل مارك
000 -الفاتح
حقل البيانات ثابتة الطول 01041cam a2200301 a 4500
001 - رقم الضبط
رقم الضبط 2032410
003 - محدد رقم الضبط
رقم الضبط OSt
005 - وقت وتاريخ اخر تعامل مع التسجيلة
رقم الضبط 20150408114150.0
008 - عناصر البيانات ثابتة الطول - معلومات عامة
حقل البيانات ثابتة الطول 920717s1993 ilua b 001 0 eng
010 ## - رقم ضبط مكتبة الكونجرس
رقم ضبط مكتبة الكونجرس 92027809
020 ## - الرقم الدولى المعيارى للكتب
الرقم الدولى المعيارى للكتاب 0256118981
020 ## - الرقم الدولى المعيارى للكتب
الرقم الدولى المعيارى للكتاب 0256121109 (package)
040 ## - مصدر الفهرسة
وكالة الفهرسة الأصلية DLC
وكالة النسخ DLC
وكالة التعديل DLC
050 00 - رقم طلب مكتبة الكونجرس
رقم التصنيف HG4026
رقم المادة .R677 1993b
082 00 - رقم تصنيف ديوى العشرى
رقم التصنيف 658.15
رقم الطبعة 20
رقم المادة RSF
100 1# - المدخل الرئيسى - إسم شخصى
الإسم الشخصى Ross, Stephen A.
9 (RLIN) 18163
245 10 - بيان العنوان
العنوان Fundamentals of corporate finance /
بيان المسئوليه,etc Stephen A. Ross, Randolph W. Westerfield, Bradford D. Jordan.
250 ## - بيان الطبعة
بيان الطبعة 2nd ed., annotated instructor's ed.
260 ## - PUBLICATION, DISTRIBUTION, ETC. (IMPRINT)
مكان الناشر او الموزع Homewood, IL :
اسم الناشر او الموزع Irwin,
تاريخ النشر أو التوزيع 1993.
300 ## - الوصف المادى
التعداد xl, 868, [38] p. :
تفاصيل ماديه اخرى للوعاء ill. ;
أبعاد الوعاء 29 cm.
504 ## - تبصرة ببليوجرافية
تبصرة ببليوجرافية,الخ Includes bibliographical references and index.
650 #0 - المدخل الاضافى بالموضوع-مصطلح موضوعى
مصطلح موضوعي أو اسم جغرافي كعنصر مدخل Corporations
التقسيم الفرعي العام Finance.
700 1# - المدخل الاضافى - اسم شخصى
الإسم الشخصى Westerfield, Randolph.
9 (RLIN) 39483
700 1# - المدخل الاضافى - اسم شخصى
الإسم الشخصى Jordan, Bradford D.
9 (RLIN) 39484
906 ## - عنصر بيانات محلى F, LDF (RLIN)
a 7
b cbc
c orignew
d 1
e ocip
f 19
g y-gencatlg
942 ## - عناصر المدخل الإضافي( كوها)
مصدر التصنيف او مخطط الترفيف Dewey Decimal Classification
Koha [default] item type كتاب
المقتنيات
حالة الفقد نموذج السعر الفعال حالة تلف ليس للاعارة رقم الطلب تاريخ الاكتساب الموقع الحالي الباركود الفرع الرئيسي Date last seen نوع المادة فى نظام كوها مصدر التصنيف او خطة الترفيف Total Checkouts
  2013-11-12     658.15 RSF 2013-11-12 المكتبة المركزية بالمجمعة (CL) 00651207 المكتبة المركزية بالمجمعة (CL) 2013-11-12 كتاب Dewey Decimal Classification  
  2013-11-12     658.15 RSF 2013-11-12 المكتبة المركزية بالمجمعة (CL) 00651208 المكتبة المركزية بالمجمعة (CL) 2013-11-12 كتاب Dewey Decimal Classification  
  2013-11-12     658.15 RSF 2013-11-12 المكتبة المركزية بالمجمعة (CL) 00651209 المكتبة المركزية بالمجمعة (CL) 2013-11-12 كتاب Dewey Decimal Classification  
  2013-11-12     658.15 RSF 2013-11-12 مكتبة مجمع الكليات بالزلفى - طلاب (SZM) 00651210 مكتبة مجمع الكليات بالزلفى - طلاب (SZM) 2013-11-12 كتاب Dewey Decimal Classification  
  2013-11-12     658.15 RSF 2013-11-12 مكتبة مجمع الكليات بالزلفى - طلاب (SZM) 00651211 مكتبة مجمع الكليات بالزلفى - طلاب (SZM) 2013-11-12 كتاب Dewey Decimal Classification  
  2013-11-12     658.15 RSF 2013-11-12 مكتبة مجمع الكليات بالزلفى - طلاب (SZM) 00651212 مكتبة مجمع الكليات بالزلفى - طلاب (SZM) 2013-11-12 كتاب Dewey Decimal Classification